Old Testament in Persian. (Record no. 4779)

MARC details
000 -LEADER
fixed length control field 00409nam a2200157 a 4500
082 00 - DEWEY DECIMAL CLASSIFICATION NUMBER
Classification number 220.59155
Author Cutter BFB
100 ## - MAIN ENTRY--AUTHOR NAME
Author name Britsh Foreign Bible, Society
245 ## - TITLE STATEMENT
Title Old Testament in Persian.
260 ## - PUBLICATION, DISTRIBUTION, ETC. (IMPRINT)
Place of publication London
Name of publisher Bible and Foreign Bible Society
Year of publication 1951
300 ## - PHYSICAL DESCRIPTION
Number of Pages 1658
500 ## - GENERAL NOTE
General note includes index and biblioraphy
505 2# - FORMATTED CONTENTS NOTE
Formatted contents note Index
650 ## - SUBJECT ADDED ENTRY--TOPICAL TERM
Topical Term Bible O.T. Persian
942 ## - ADDED ENTRY ELEMENTS (KOHA)
Koha item type Books
700 1# -
-- Bible, Society
Holdings
Home library Current library Date acquired Cost, normal purchase price Full call number Accession Number Koha item type
Henry Martyn Institute Library Henry Martyn Institute Library 06/15/2007 100.00 220.59155 BFB 06528 Books
                   Copyright © 2026 | Henry Martyn Institute | Hyderabad | TS-500052 | INDIA | Implemented by hmi.edu.in
Hit-Count:

Powered by Koha